000 00462nam a2200193Ia 4500
005 20240823013027.0
008 240823s9999||||xx |||||||||||||| ||und||
020 _a81-7722-370-4
041 _aENGLISH
082 _A658.848 P3
100 _a"Lascu,Dana-Nicoleta"
245 0 _aInternational marketing
250 _a1st
260 _c2003
_b"Biztantra,New "
500 _aYES
650 _aMarketing
_bManagement Studies
942 _cBK
999 _c166083
_d166083